Nhật ký trong tù

Сохранить в:
Библиографические подробности
Главный автор: Hồ Chí Minh
Формат:
Язык:Vietnamese
Опубликовано: H. Văn học 1990
Редактирование:In lần thứ 4
Предметы:
Метки: Добавить метку
Нет меток, Требуется 1-ая метка записи!
Thư viện lưu trữ: Mạng thư viện Đại học Đà Nẵng
LEADER 00853nam a22003378a 4500
001 000007445
003 3607
005 20111004071013.0
008 111004s1990 b 000 0 vieod
020 |c 3.000c 
041 0 |a vie 
041 0 |a tk 
041 0 |a 9006 
041 0 |a bt 
084 |a A17  |b NH124K 
100 1 |a Hồ Chí Minh 
245 1 0 |a Nhật ký trong tù  |c Hồ Chí Minh; Viện Văn học dịch, chỉnh lý, bổ sung 
250 |a In lần thứ 4 
260 |a H.  |b Văn học  |c 1990 
300 |a 320tr + 1 chân dung  |c 19cm 
653 |a văn học hiện đại 
653 |a Thơ 
653 |a Việt Nam 
OWN |a LSP 
999 |a From the UDN01 
TYP |a Monograph 
TYP |a Printed language 
980 |a Mạng thư viện Đại học Đà Nẵng